[Event "Superliga 2011 M"]
[Site "Brasov/Rumania"]
[Date "2011.10.13"]
[Round "6.4"]
[White "Doncea, Vladimir"]
[Black "Szabo, Attila"]
[Result "1/2-1/2"]
[WhiteElo "2384"]
[BlackElo "2290"]
[PlyCount "37"]
[EventDate "2011.??.??"]
[TimeControl "40/5400+30:1800+30"]

1. d4 d6 2. g3 e5 3. c3 c6 4. Bg2 Be7 5. Nd2 Nf6 6. e4 O-O 7. Ngf3 Nbd7 8. O-O
Qc7 9. a4 Re8 10. Qc2 Bf8 11. Re1 a5 12. b3 b6 13. Bb2 Ba6 14. Rac1 Rad8 15. c4
g6 16. Bc3 Bh6 17. Rcd1 Nh5 18. Nf1 Ng7 19. Qb2 1/2-1/2

[Event "Superliga 2011 M"]
[Site "Brasov/Rumania"]
[Date "2011.10.13"]
[Round "6.4"]
[White "Hajbok, Robert"]
[Black "Georgescu, Tiberiu-Marian"]
[Result "1/2-1/2"]
[WhiteElo "2272"]
[BlackElo "2391"]
[PlyCount "296"]
[EventDate "2011.??.??"]
[TimeControl "40/5400+30:1800+30"]

1. e4 c6 2. d4 d5 3. Nc3 dxe4 4. Nxe4 Bf5 5. Ng3 Bg6 6. N1e2 e6 7. Nf4 Bd6 8.
c3 Nf6 9. h4 Bxf4 10. Bxf4 h6 11. h5 Bh7 12. Qb3 Qb6 13. Qa3 Nbd7 14. Bd6 Rc8
15. b4 a6 16. c4 Qd8 17. Be2 Nb6 18. c5 Ra8 19. O-O Nc8 20. Be5 O-O 21. b5 cxb5
22. Bxb5 Ng4 23. c6 Qd5 24. Qc5 Qxc5 25. dxc5 Nxe5 26. cxb7 Rb8 27. bxc8=Q
Rfxc8 28. Bxa6 Rxc5 29. a4 Ra5 30. Bb5 Bd3 31. Rfe1 Bxb5 32. Rxe5 Rba8 33. Rb1
Bxa4 34. Rxa5 Rxa5 35. Rb8+ Kh7 36. Rb7 Kg8 37. Rb8+ Kh7 38. Rb7 f5 39. Rb6 f4
40. Ne4 Re5 41. f3 Bc2 42. Nc3 Rc5 43. Nb5 Rxh5 44. Nd4 Bf5 45. Nxe6 Bxe6 46.
Rxe6 Rf5 47. Re7 Kg6 48. Ra7 Rb5 49. Kh2 Kf6 50. Ra6+ Kg5 51. Ra7 g6 52. Rf7
Rf5 53. Rh7 Rd5 54. Rf7 Rd4 55. Rf8 Rc4 56. Rf7 Kh5 57. Rf6 Kg5 58. Rf8 Rc6 59.
Kh3 Rc5 60. Kh2 Rf5 61. Rh8 Rf7 62. Kh3 Re7 63. Rf8 Re1 64. Kh2 Rd1 65. Rf7 h5
66. Ra7 Rd5 67. Rf7 Rf5 68. Ra7 Kh4 69. Ra4 Rf6 70. Rb4 Kg5 71. Rb8 Kf5 72.
Rb5+ Ke6 73. Rb6+ Ke5 74. Rb5+ Kd4 75. Rb4+ Ke5 76. Rb5+ Ke6 77. Rb6+ Kf7 78.
Rb7+ Kg8 79. Kh3 Rf7 80. Rb8+ Kg7 81. Rb5 Kh6 82. Rb6 Rf5 83. Kh2 Kg5 84. Rb8
Rd5 85. Rf8 Rd4 86. Kh3 Rd1 87. Kh2 Rd6 88. Kh3 Rf6 89. Rh8 Rf7 90. Ra8 Rf5 91.
Rh8 Rf6 92. Rh7 Rc6 93. Rf7 Rc1 94. Kh2 Rc4 95. Kh3 Rd4 96. Rf8 Kh6 97. Rf6 Kg7
98. Ra6 Rd1 99. Kh2 Re1 100. Ra7+ Kf6 101. Rh7 Re7 102. Rh8 Kg7 103. Ra8 g5
104. Kh3 Re6 105. Rb8 Rg6 106. Ra8 g4+ 107. Kh4 gxf3 108. gxf3 Rg3 109. Kxh5
Kf6 110. Ra3 Ke5 111. Rd3 Rg1 112. Kh4 Rg3 113. Kh5 Kf5 114. Rd5+ Ke6 115. Rd3
Rh3+ 116. Kg4 Rh8 117. Kxf4 Rf8+ 118. Ke4 Ra8 119. Rd4 Ra6 120. Rb4 Kf6 121.
Kf4 Rc6 122. Ra4 Rb6 123. Kg4 Rc6 124. Ra5 Rb6 125. Rc5 Rb4+ 126. f4 Rb6 127.
Rh5 Kg6 128. Ra5 Kf6 129. Ra8 Rc6 130. Rh8 Kg7 131. Rb8 Kf6 132. Rb3 Kg6 133.
Ra3 Rb6 134. Rc3 Ra6 135. Rc5 Rb6 136. Ra5 Rc6 137. Rg5+ Kf6 138. Rh5 Kg6 139.
f5+ Kg7 140. Rh3 Rc1 141. Re3 Kf6 142. Re6+ Kf7 143. Re3 Kf6 144. Rf3 Rc4+ 145.
Rf4 Rxf4+ 146. Kxf4 Kf7 147. Ke3 Kf6 148. Ke2 Kxf5 1/2-1/2

[Event "Superliga 2011 M"]
[Site "Brasov"]
[Date "2011.10.13"]
[Round "6.5"]
[White "Manolache, Marius"]
[Black "Moldovan, Daniel"]
[Result "1/2-1/2"]
[WhiteElo "2535"]
[BlackElo "2436"]
[PlyCount "73"]
[EventDate "2011.10.08"]

1. d4 d6 2. Nf3 g6 3. e4 Bg7 4. Nc3 a6 5. Be3 b5 6. a4 b4 7. Na2 a5 8. c3 bxc3
9. Nxc3 c6 10. Qd2 Nf6 11. h3 O-O 12. Bh6 Na6 13. Be2 Nb4 14. O-O Nd7 15. Rfc1
Rb8 16. Ra3 e5 17. dxe5 Nxe5 18. Bxg7 Kxg7 19. Nd1 Nxf3+ 20. Rxf3 Qe7 21. Ne3
Qxe4 22. Qxd6 Rb7 23. Qf6+ Kg8 24. Rc5 Be6 25. Rf4 Qb1+ 26. Kh2 Nd5 27. Nxd5
Bxd5 28. Bc4 Bxc4 29. Rcxc4 Qxb2 30. Qxb2 Rxb2 31. Rxc6 Rfb8 32. Rc7 R8b7 33.
Rfxf7 Rxc7 34. Rxc7 Rb4 35. g4 Rxa4 36. Ra7 Ra3 37. g5 1/2-1/2

[Event "Superliga 2011 M"]
[Site "Brasov"]
[Date "2011.10.13"]
[Round "6.5"]
[White "Raceanu, Valentin"]
[Black "Rogozenco, Dorian"]
[Result "1/2-1/2"]
[WhiteElo "2417"]
[BlackElo "2552"]
[PlyCount "62"]
[EventDate "2011.10.08"]

1. d4 d6 2. c4 e5 3. Nf3 e4 4. Ng5 f5 5. Nc3 Be7 6. Nh3 c6 7. g3 Nf6 8. Bg2
Nbd7 9. f3 Nb6 10. b3 d5 11. c5 Nbd7 12. Rb1 Nf8 13. O-O h6 14. b4 g5 15. b5
Ne6 16. bxc6 bxc6 17. Qa4 Bd7 18. fxe4 fxe4 19. Nf2 O-O 20. Bd2 Qe8 21. Bh3 Nd8
22. Bxd7 Qxd7 23. Ncd1 Ng4 24. Ne3 Nxf2 25. Rxf2 Rxf2 26. Kxf2 Ne6 27. Ke1 Rf8
28. Bc3 Nd8 29. Ba5 g4 30. Bxd8 Bxd8 31. Ng2 Bg5 1/2-1/2

[Event "Superliga 2011 M"]
[Site "Brasov"]
[Date "2011.10.13"]
[Round "6.5"]
[White "Ardelean, George-Catalin"]
[Black "Spulber, Cicirone"]
[Result "1-0"]
[WhiteElo "2491"]
[BlackElo "2239"]
[PlyCount "85"]
[EventDate "2011.10.08"]

1. e4 c5 2. Nf3 Nc6 3. d4 cxd4 4. Nxd4 g6 5. Nc3 Bg7 6. Be3 Nf6 7. Bc4 O-O 8.
Bb3 d6 9. f3 Bd7 10. Qd2 Nxd4 11. Bxd4 b5 12. a3 a5 13. Nd5 Nxd5 14. Bxg7 Kxg7
15. exd5 a4 16. Ba2 Qc7 17. O-O-O Rac8 18. c3 Qc5 19. Kb1 Rc7 20. Ka1 Bc8 21.
h4 h6 22. Bb1 Qc4 23. Qe3 Qc5 24. Rd4 Rh8 25. f4 Bg4 26. Qg3 f5 27. h5 gxh5 28.
Bxf5 Kf8 29. Bxg4 hxg4 30. Qxg4 Qa7 31. Rh5 Ke8 32. Qg7 Rf8 33. Rxh6 Rc4 34.
Rxd6 Rxd4 35. cxd4 Rxf4 36. Qg6+ Rf7 37. Rb6 Kf8 38. Qh6+ Ke8 39. Qc6+ Kf8 40.
Qc8+ Kg7 41. Qg4+ Kf8 42. Rg6 Rf1+ 43. Ka2 1-0

[Event "Superliga 2011 M"]
[Site "Brasov"]
[Date "2011.10.13"]
[Round "6.5"]
[White "Malureanu, Costin-George"]
[Black "Petrisor, Adrian-Marian"]
[Result "1/2-1/2"]
[WhiteElo "2165"]
[BlackElo "2388"]
[PlyCount "79"]
[EventDate "2011.10.08"]

1. e4 c5 2. Nf3 e6 3. d4 cxd4 4. Nxd4 Nf6 5. Nc3 d6 6. f4 a6 7. Qf3 Qb6 8. Nb3
Qc7 9. Bd3 b5 10. g4 Bb7 11. g5 Nfd7 12. Qh3 g6 13. O-O b4 14. Ne2 d5 15. f5
dxe4 16. fxg6 hxg6 17. Qxh8 exd3 18. cxd3 Qc6 19. Qh3 Ne5 20. Nf4 Nf3+ 21. Rxf3
Qxf3 22. Qxf3 Bxf3 23. Kf2 Bc6 24. Be3 e5 25. Ne2 Nd7 26. Ng3 a5 27. Ne4 Bxe4
28. dxe4 a4 29. Nd2 Rc8 30. b3 a3 31. Nc4 Nc5 32. Kf3 Ne6 33. Rd1 Be7 34. h4
Nc7 35. Nxe5 Nb5 36. Rd2 Nc3 37. Bd4 Nb5 38. Be3 Nc3 39. Bd4 Nb5 40. Be3
1/2-1/2

[Event "Superliga 2011 M"]
[Site "Brasov/Romania"]
[Date "2011.10.14"]
[Round "7.1"]
[White "Timoshenko, Georgy"]
[Black "Mastrovasilis, Dimitrios"]
[Result "1/2-1/2"]
[WhiteElo "2572"]
[BlackElo "2607"]
[PlyCount "30"]
[EventDate "2011.??.??"]

1. e4 e5 2. Nf3 Nc6 3. Bb5 Nf6 4. O-O Nxe4 5. d4 Nd6 6. Bxc6 dxc6 7. dxe5 Nf5
8. Qxd8+ Kxd8 9. Nc3 Ke8 10. b3 Be7 11. h3 h5 12. Bb2 Be6 13. Rad1 Rd8 14. Ne2
c5 15. c4 g5 1/2-1/2

[Event "Superliga 2011 M"]
[Site "Brasov/Romania"]
[Date "2011.10.14"]
[Round "7.1"]
[White "Svetushkin, Dmitry"]
[Black "Ionescu, Constantin"]
[Result "1-0"]
[WhiteElo "2594"]
[BlackElo "2436"]
[PlyCount "69"]
[EventDate "2011.??.??"]

1. e4 c5 2. Nf3 e6 3. d4 cxd4 4. Nxd4 a6 5. Nc3 b5 6. Bd3 Bb7 7. O-O Nc6 8.
Nxc6 Bxc6 9. Re1 Bc5 10. Qh5 d6 11. e5 d5 12. Qg4 Kf8 13. Bg5 Qb6 14. Kh1 b4
15. Ne2 Ne7 16. Nf4 Bb5 17. a3 Bxd3 18. Nxd3 Nc6 19. f4 h6 20. Bh4 bxa3 21.
bxa3 Be7 22. Bf2 Qc7 23. f5 Qc8 24. Qf3 Kg8 25. Nf4 Bg5 26. f6 g6 27. c4 dxc4
28. h4 Bxf4 29. Qxf4 Na5 30. Bb6 Nb3 31. Rad1 Qb7 32. Rd6 Rc8 33. Red1 g5 34.
Qe3 a5 35. Qe2 1-0

[Event "Superliga 2011 M"]
[Site "Brasov/Romania"]
[Date "2011.10.14"]
[Round "7.1"]
[White "Danilov, Vladimir"]
[Black "Raceanu, Valentin"]
[Result "1/2-1/2"]
[WhiteElo "2441"]
[BlackElo "2417"]
[PlyCount "44"]
[EventDate "2011.??.??"]

1. d4 d5 2. c4 c6 3. Nf3 Nf6 4. Nbd2 a6 5. Qc2 g6 6. e4 dxe4 7. Nxe4 Nxe4 8.
Qxe4 Bg7 9. Bd2 Nd7 10. Bc3 O-O 11. Rd1 c5 12. d5 Bxc3+ 13. bxc3 Nf6 14. Qe3
Bg4 15. Be2 Bxf3 16. Bxf3 Rc8 17. O-O Rc7 18. Qh6 Ne8 19. Rd3 Qd6 20. Be2 Qf6
21. Rh3 Qg7 22. Qh4 Nd6 1/2-1/2

[Event "Superliga 2011 M"]
[Site "Brasov/Romania"]
[Date "2011.10.14"]
[Round "7.1"]
[White "Spulber, Cicirone"]
[Black "Ungureanu, Vlad"]
[Result "1/2-1/2"]
[WhiteElo "2239"]
[BlackElo "2376"]
[PlyCount "44"]
[EventDate "2011.??.??"]

1. c4 g6 2. Nc3 Bg7 3. g3 d6 4. Nf3 Nf6 5. Bg2 O-O 6. O-O a6 7. d4 Nc6 8. e4 e5
9. dxe5 dxe5 10. Qxd8 Rxd8 11. Bg5 Re8 12. Nd5 Nxd5 13. cxd5 Nd8 14. Rac1 c6
15. Bxd8 Rxd8 16. dxc6 bxc6 17. Rxc6 a5 18. Rc5 f6 19. Re1 Be6 20. b3 a4 21.
Rb1 Rab8 22. Bf1 Ra8 1/2-1/2

[Event "Superliga 2011 M"]
[Site "Brasov/Romania"]
[Date "2011.10.14"]
[Round "7.1"]
[White "Chifor, Ovidiu-Emanuel"]
[Black "Malureanu, Costin-George"]
[Result "1/2-1/2"]
[WhiteElo "2256"]
[BlackElo "2165"]
[PlyCount "67"]
[EventDate "2011.??.??"]

1. d4 d5 2. c4 e6 3. Nf3 Nf6 4. Qc2 c6 5. Nbd2 Nbd7 6. a3 Bd6 7. e4 e5 8. exd5
cxd5 9. c5 Bb8 10. dxe5 Nxe5 11. Nxe5 Bxe5 12. Nf3 Bc7 13. Bd3 O-O 14. O-O Bg4
15. Nd4 Bh5 16. b4 Bg6 17. Bb2 Re8 18. Bxg6 hxg6 19. Rfe1 Qd7 20. c6 bxc6 21.
Qxc6 Qd6 22. Qxd6 Bxd6 23. Nb5 Rxe1+ 24. Rxe1 Bf8 25. Nd4 Ne4 26. Rd1 Nd6 27.
a4 Nc4 28. Bc3 Rc8 29. Ne2 Nb6 30. Ra1 d4 31. Bxd4 Bxb4 32. a5 Nd5 33. a6 Rc7
34. Rc1 1/2-1/2

[Event "Superliga 2011 M"]
[Site "Brasov/Romania"]
[Date "2011.10.14"]
[Round "7.2"]
[White "Manea, Alexandru"]
[Black "Jobava, Baadur"]
[Result "1/2-1/2"]
[WhiteElo "2415"]
[BlackElo "2712"]
[PlyCount "24"]
[EventDate "2011.??.??"]

1. Nf3 Nf6 2. c4 d6 3. d4 g6 4. g3 Bg7 5. Bg2 O-O 6. O-O c5 7. Nc3 Nc6 8. dxc5
dxc5 9. Bf4 Nd4 10. Be5 Nc6 11. Bf4 Nd4 12. Be5 Nc6 1/2-1/2

[Event "Superliga 2011 M"]
[Site "Brasov/Romania"]
[Date "2011.10.14"]
[Round "7.2"]
[White "Grecescu, Gabriel-Andrei"]
[Black "Manolache, Marius"]
[Result "0-1"]
[WhiteElo "2423"]
[BlackElo "2535"]
[PlyCount "100"]
[EventDate "2011.??.??"]

1. c4 Nf6 2. Nc3 g6 3. g3 Bg7 4. Bg2 c6 5. e4 d6 6. Nge2 Na6 7. O-O O-O 8. d3
Bd7 9. h3 b5 10. Be3 bxc4 11. dxc4 Rb8 12. b3 c5 13. Qd2 Qc8 14. Kh2 Re8 15.
Rad1 Nb4 16. Bg5 Bc6 17. Rfe1 Rb6 18. Nc1 Ra6 19. Re2 Bb7 20. Nb5 Qb8 21. f4 h6
22. Bh4 Nc6 23. g4 Rb6 24. Bg3 a6 25. Nc3 Nd4 26. Re3 h5 27. Na4 Rb4 28. g5
Nxe4 29. Rxe4 Bxe4 30. Bxe4 e5 31. Bd5 e4 32. Kg2 e3 33. Qd3 Rxa4 34. bxa4 Qb2+
35. Kh1 e2 36. Re1 Nf5 37. Bf2 Bc3 38. Rxe2 Qxc1+ 39. Kg2 Rxe2 40. Qxe2 Kf8 41.
Be4 Qxf4 42. Bxf5 Qxf5 43. h4 Be5 44. Qf3 Qc2 45. Qb3 Qe2 46. Kg1 Kg7 47. a5
Bd4 48. Bxd4+ cxd4 49. c5 dxc5 50. Qd5 Qe3+ 0-1

[Event "Superliga 2011 M"]
[Site "Brasov/Romania"]
[Date "2011.10.14"]
[Round "7.2"]
[White "Rogozenco, Dorian"]
[Black "Bonte, Andrei-Mihai"]
[Result "1/2-1/2"]
[WhiteElo "2552"]
[BlackElo "2364"]
[PlyCount "144"]
[EventDate "2011.??.??"]

1. d4 d5 2. c4 e6 3. Nc3 Nf6 4. cxd5 exd5 5. Bg5 c6 6. e3 Be7 7. Bd3 Nbd7 8.
Qc2 Nh5 9. Bxe7 Qxe7 10. Nge2 Nb6 11. h3 g6 12. g4 Ng7 13. O-O-O Bd7 14. e4
dxe4 15. Nxe4 Nd5 16. Qd2 O-O-O 17. N2c3 Nxc3 18. bxc3 Qa3+ 19. Qb2 Qxb2+ 20.
Kxb2 Be6 21. Ng5 Bd5 22. Rhe1 h6 23. Ne4 Ne6 24. Nf6 Nf4 25. Bf1 Bf3 26. Rb1
Rd6 27. Ne4 Rd7 28. Nf6 Rd6 29. Ne4 Re6 30. Nc5 Ree8 31. Re3 Rxe3 32. fxe3 Ng2
33. Bc4 Rf8 34. Bb3 Nxe3 35. Re1 Nd5 36. c4 Nc7 37. Re3 Bh1 38. Nd3 Re8 39.
Rxe8+ Nxe8 40. Ne5 f5 41. Nxg6 fxg4 42. hxg4 Nf6 43. Ne5 Kc7 44. Bc2 Bg2 45.
Kc3 b6 46. Kd2 c5 47. dxc5 bxc5 48. Ke3 Ne8 49. Be4 Bh3 50. Kf4 Nd6 51. Bd5 Bf1
52. Kg3 Kd8 53. Kf2 Bh3 54. Nc6+ Kd7 55. Kg3 Bf1 56. Kh4 Ke8 57. Ne5 Ke7 58.
Kh5 Kf6 59. Nd7+ Kg7 60. Nxc5 Bxc4 61. Ne6+ Kh7 62. Nf8+ Kg7 63. Ne6+ Kh7 64.
Bxc4 Nxc4 65. Nd4 Nd6 66. a4 a5 67. Nb3 Nc4 68. Nc5 Nb6 69. Kh4 Kg6 70. Kg3 h5
71. gxh5+ Kxh5 72. Kf4 Nxa4 1/2-1/2

[Event "Superliga 2011 M"]
[Site "Brasov/Romania"]
[Date "2011.10.14"]
[Round "7.2"]
[White "Szabo, Attila"]
[Black "Ardelean, George-Catalin"]
[Result "1/2-1/2"]
[WhiteElo "2290"]
[BlackElo "2491"]
[PlyCount "34"]
[EventDate "2011.??.??"]

1. d4 Nf6 2. Nf3 c5 3. c4 cxd4 4. Nxd4 b6 5. Nc3 Bb7 6. f3 d6 7. e4 e6 8. Be3
a6 9. Qd2 Be7 10. Be2 O-O 11. O-O Qc7 12. Rac1 Nbd7 13. Rfd1 Rac8 14. Bf1 Qb8
15. Qf2 Rfe8 16. Kh1 Bd8 17. b4 Ne5 1/2-1/2

[Event "Superliga 2011 M"]
[Site "Brasov/Romania"]
[Date "2011.10.14"]
[Round "7.3"]
[White "Iordachescu, Viorel"]
[Black "Shishkin, Vadim"]
[Result "1/2-1/2"]
[WhiteElo "2646"]
[BlackElo "2450"]
[PlyCount "91"]
[EventDate "2011.??.??"]

1. e4 c5 2. Nf3 Nc6 3. Bb5 g6 4. O-O Bg7 5. Re1 Nf6 6. Nc3 O-O 7. d3 d5 8. e5
Nd7 9. Bxc6 bxc6 10. Na4 c4 11. dxc4 dxc4 12. Qe2 Qa5 13. b3 Ba6 14. Qe3 Bb5
15. Bd2 Qc7 16. Nc3 Nb6 17. Qc5 Ba6 18. Bg5 Rfe8 19. Rad1 Rac8 20. h3 Nd7 21.
Qe3 Nf8 22. Bh6 Ne6 23. Bxg7 Kxg7 24. Ng5 Nxg5 25. Qxg5 cxb3 26. axb3 Rcd8 27.
Ne4 Rxd1 28. Rxd1 Rd8 29. Ra1 Bc8 30. c4 h6 31. Qg3 Rd4 32. Nc5 Qb6 33. Na4 Qd8
34. Re1 Rd1 35. Qc3 Rxe1+ 36. Qxe1 Qd4 37. Qe3 Qxe3 38. fxe3 f6 39. Kf2 fxe5
40. h4 Kf6 41. Nc5 Bg4 42. e4 g5 43. hxg5+ Kxg5 44. g3 h5 45. b4 Bc8 46. Kf3
1/2-1/2

[Event "Superliga 2011 M"]
[Site "Brasov/Romania"]
[Date "2011.10.14"]
[Round "7.3"]
[White "Thesing, Matthias"]
[Black "Fedorov, Alexei"]
[Result "1-0"]
[WhiteElo "2404"]
[BlackElo "2609"]
[PlyCount "91"]
[EventDate "2011.??.??"]

1. e4 c5 2. Nc3 a6 3. g3 b5 4. Bg2 Bb7 5. Nge2 e6 6. d4 cxd4 7. Nxd4 b4 8. Na4
Nf6 9. O-O Bxe4 10. Bxe4 Nxe4 11. Re1 Nc5 12. c3 Nxa4 13. Qxa4 Be7 14. cxb4 Qb6
15. b5 O-O 16. Be3 Bc5 17. bxa6 Rxa6 18. Qc4 d5 19. Qd3 Nd7 20. b4 Bxb4 21.
Reb1 Ra3 22. Qe2 Qd6 23. Nb5 Rxe3 24. Qxe3 Qe7 25. a4 Bc5 26. Qe2 Nf6 27. Kg2
h5 28. a5 e5 29. a6 Ra8 30. Rc1 h4 31. Qc2 Ne4 32. f3 h3+ 33. Kxh3 Qd7+ 34. Kg2
Qxb5 35. fxe4 Bd4 36. Rcb1 Qd7 37. Ra5 Rc8 38. Qe2 dxe4 39. Qxe4 g6 40. Ra2 Qe6
41. Ra5 Qd7 42. Rb7 Qd8 43. Rd5 Rc2+ 44. Kh3 Qc8+ 45. Rdd7 Qc4 46. Qxg6+ 1-0

[Event "Superliga 2011 M"]
[Site "Brasov/Romania"]
[Date "2011.10.14"]
[Round "7.3"]
[White "Marin, Mihail"]
[Black "Horvat, Dan-Sebastian"]
[Result "1/2-1/2"]
[WhiteElo "2550"]
[BlackElo "2196"]
[PlyCount "86"]
[EventDate "2011.??.??"]

1. d4 d5 2. Nf3 Nf6 3. c4 c6 4. Nc3 a6 5. e3 b5 6. b3 Bg4 7. Be2 e6 8. O-O Nbd7
9. h3 Bh5 10. Bb2 Be7 11. Ne5 Bxe2 12. Nxe2 Nxe5 13. dxe5 Nd7 14. cxd5 cxd5 15.
Nf4 O-O 16. Qg4 Kh8 17. Rac1 Rc8 18. Nxe6 fxe6 19. Rxc8 Qxc8 20. Qxe6 Bc5 21.
Qxd5 Nb6 22. Qe4 Qa8 23. Qxa8 Rxa8 24. Rc1 Rc8 25. Kf1 Kg8 26. Ke2 Kf7 27. f4
Bb4 28. Rxc8 Nxc8 29. e4 g6 30. g4 Ne7 31. f5 Nc6 32. e6+ Ke7 33. Bc1 Bc3 34.
Kd3 Bf6 35. Ba3+ Ke8 36. Bd6 Kd8 37. Ke3 Ke8 38. Kf4 g5+ 39. Ke3 Kd8 40. Kd3
Ke8 41. a4 Kd8 42. Ke3 Bd4+ 43. Ke2 Bf6 1/2-1/2

[Event "Superliga 2011 M"]
[Site "Brasov/Romania"]
[Date "2011.10.14"]
[Round "7.4"]
[White "Milu, Romeo-Sorin"]
[Black "Vajda, Levente"]
[Result "0-1"]
[WhiteElo "2421"]
[BlackElo "2557"]
[PlyCount "102"]
[EventDate "2011.??.??"]

1. e4 e5 2. Nf3 Nc6 3. Bc4 Bc5 4. c3 Nf6 5. d4 exd4 6. cxd4 Bb4+ 7. Bd2 Bxd2+
8. Nbxd2 d5 9. exd5 Nxd5 10. Qb3 Nce7 11. O-O O-O 12. Rfe1 Nb6 13. Bd3 Ned5 14.
Rac1 Be6 15. Bb1 Nf4 16. Qc2 g6 17. Qxc7 Ne2+ 18. Rxe2 Rc8 19. Qc5 Rxc5 20.
dxc5 Nd5 21. Ne4 Nf4 22. Re3 Bg4 23. Rce1 Bxf3 24. Rxf3 Ne6 25. b4 a5 26. Rd3
Qc7 27. Rd7 Qe5 28. bxa5 f5 29. Rdd1 fxe4 30. Bxe4 Nd4 31. Bxb7 Qxc5 32. a6 Kg7
33. h3 h5 34. Rd2 h4 35. Red1 Ne6 36. Re2 Nf4 37. Red2 Kh6 38. Kh2 Nh5 39. Kg1
Rf4 40. Re1 Ra4 41. Rde2 Ra5 42. Re5 Qc3 43. R1e3 Qa1+ 44. Re1 Qxa2 45. Rxa5
Qxa5 46. Re4 Qa1+ 47. Kh2 Qb2 48. Ra4 Qe5+ 49. Kg1 Qe1+ 50. Kh2 g5 51. a7 Ng3
0-1

[Event "Superliga 2011 M"]
[Site "Brasov/Romania"]
[Date "2011.10.14"]
[Round "7.4"]
[White "Cioara, Andrei-Nestor"]
[Black "Ionescu, Mihai"]
[Result "1/2-1/2"]
[WhiteElo "2436"]
[BlackElo "2340"]
[PlyCount "84"]
[EventDate "2011.??.??"]

1. d4 d5 2. c4 c6 3. Nf3 Nf6 4. Nc3 dxc4 5. a4 Bf5 6. e3 e6 7. Bxc4 Bb4 8. O-O
Nbd7 9. Qe2 O-O 10. e4 Bg6 11. e5 Nd5 12. Nxd5 cxd5 13. Bd3 Bh5 14. Qe3 Be7 15.
Bd2 Nb8 16. Rfc1 Nc6 17. Ne1 Bb4 18. Bb5 Bxd2 19. Qxd2 Na5 20. Ra3 a6 21. Bf1
Nc6 22. Rb3 Rb8 23. f4 Na5 24. Rh3 Bg4 25. Rg3 Bf5 26. b4 Nc6 27. a5 Ra8 28.
Nc2 Qe7 29. Rb3 Bxc2 30. Rxc2 Rfc8 31. Rc5 Na7 32. g4 f6 33. exf6 Qxf6 34. g5
Qg6 35. Re3 Nc6 36. Bh3 Re8 37. Rc1 Re7 38. Rce1 Rae8 39. Kg2 h6 40. R3e2 Kh8
41. Kh1 Qh5 42. Qc3 hxg5 1/2-1/2

[Event "Superliga 2011 M"]
[Site "Brasov/Romania"]
[Date "2011.10.14"]
[Round "7.4"]
[White "Miroiu, George-Catalin"]
[Black "Ionescu, Doru-Alexandru"]
[Result "1-0"]
[WhiteElo "2281"]
[BlackElo "2368"]
[PlyCount "109"]
[EventDate "2011.??.??"]

1. d4 Nf6 2. c4 c5 3. d5 e6 4. Nc3 exd5 5. cxd5 d6 6. Nf3 g6 7. g3 Bg7 8. Bg2
O-O 9. O-O a6 10. a4 Re8 11. Nd2 Nbd7 12. a5 Rb8 13. Nc4 Ne5 14. Nb6 Bd7 15. f4
Neg4 16. e4 Nh5 17. Bf3 Bd4+ 18. Kg2 Nhf6 19. Qd3 h5 20. h3 Nh6 21. Re1 h4 22.
Nxd7 Nxd7 23. g4 f5 24. Bd2 fxg4 25. hxg4 h3+ 26. Kxh3 Bf2 27. g5 Bxe1 28. Rxe1
Nf7 29. e5 Ndxe5 30. fxe5 Nxe5 31. Rxe5 Rxe5 32. Qxg6+ Kh8 33. Qh6+ Kg8 34. Bg4
Qf8 35. Be6+ Rxe6 36. Qxe6+ Kh8 37. Kg4 Re8 38. Qf6+ Qxf6 39. gxf6 Kh7 40. Bf4
Kg6 41. Bxd6 Kxf6 42. Bxc5 Kg6 43. Bd6 Kf6 44. Bc5 Ke5 45. Bf2 Rf8 46. Bg3+ Kd4
47. Bh4 Rf7 48. Kg5 Rh7 49. Bf2+ Ke5 50. Bg3+ Kd4 51. Kf6 Kc5 52. Be5 b5 53.
axb6 Kxb6 54. Ke6 Kc5 55. Ne4+ 1-0

[Event "Superliga 2011 M"]
[Site "Brasov/Romania"]
[Date "2011.10.14"]
[Round "7.4"]
[White "Manole, Stefan"]
[Black "Baciu, Stefan"]
[Result "1/2-1/2"]
[WhiteElo "2052"]
[BlackElo "2217"]
[PlyCount "31"]
[EventDate "2011.??.??"]

1. e4 d6 2. d4 Nf6 3. Nc3 g6 4. f4 Bg7 5. Nf3 O-O 6. e5 Ne8 7. Bd3 Na6 8. O-O
c5 9. Bxa6 cxd4 10. Bxb7 Bxb7 11. Qxd4 Bxf3 12. Rxf3 dxe5 13. Qxd8 Rxd8 14.
fxe5 Bxe5 15. Bh6 Bg7 16. Bxg7 1/2-1/2

[Event "Superliga 2011 M"]
[Site "Brasov/Romania"]
[Date "2011.10.14"]
[Round "7.5"]
[White "Bach, Adrian-Kalman"]
[Black "Berescu, Alin-Mile"]
[Result "0-1"]
[WhiteElo "2270"]
[BlackElo "2495"]
[PlyCount "53"]
[EventDate "2011.??.??"]

1. e4 e6 2. d4 d5 3. Nd2 Nf6 4. e5 Nfd7 5. Bd3 c5 6. c3 Nc6 7. Ne2 cxd4 8. cxd4
f6 9. exf6 Nxf6 10. O-O Bd6 11. Nf3 Qc7 12. Nc3 a6 13. Be3 O-O 14. Rc1 Bd7 15.
Re1 Be8 16. Ne5 Qb6 17. Qd2 Qa5 18. f4 Bxe5 19. fxe5 Ng4 20. Rf1 Rxf1+ 21. Rxf1
Qb6 22. Nxd5 exd5 23. Bf5 Ncxe5 24. Bf4 Bg6 25. Bxe5 Nxe5 26. Qf4 Bxf5 27. Qxe5
0-1

[Event "Superliga 2011 M"]
[Site "Brasov/Romania"]
[Date "2011.10.14"]
[Round "7.5"]
[White "Dragomirescu, Robin-Alexandru"]
[Black "Bida, Mihai-Eugen"]
[Result "1/2-1/2"]
[WhiteElo "2353"]
[BlackElo "2141"]
[PlyCount "83"]
[EventDate "2011.??.??"]

1. e4 c5 2. Nf3 Nc6 3. d4 cxd4 4. Nxd4 Nf6 5. Nc3 d6 6. Bg5 e6 7. Qd2 a6 8.
O-O-O Bd7 9. f4 Be7 10. Nf3 b5 11. Bxf6 gxf6 12. f5 Qb6 13. fxe6 fxe6 14. Bd3
O-O-O 15. Kb1 Kb8 16. Ne2 Ne5 17. Nf4 Bc8 18. Rhe1 Rhe8 19. Bf1 Qc5 20. Re3 Bf8
21. Rc3 Qb6 22. Nh5 d5 23. Nxe5 fxe5 24. Rd3 Be7 25. exd5 exd5 26. Rxd5 Be6 27.
Rxd8+ Rxd8 28. Qe1 Rxd1+ 29. Qxd1 Qg1 30. Qe1 Qxh2 31. Ng3 Bd6 32. Ne4 Bc7 33.
Nc5 Bc8 34. a4 Qg1 35. Nd3 e4 36. Nb4 Bb7 37. axb5 axb5 38. Qe2 Bd6 39. Na2 b4
40. Nc1 Qb6 41. Qh5 Qg1 42. Qe8+ 1/2-1/2

[Event "Superliga 2011 M"]
[Site "Brasov"]
[Date "2011.10.15"]
[Round "8.1"]
[White "Mastrovasilis, Dimitrios"]
[Black "Kamsky, Gata"]
[Result "1/2-1/2"]
[WhiteElo "2607"]
[BlackElo "2756"]
[Annotator "Robot 4"]
[PlyCount "118"]
[EventDate "2011.10.08"]
[TimeControl "40/5400+30:1800+30"]

1. e4 c5 2. Nf3 e6 3. d4 cxd4 4. Nxd4 a6 5. Bd3 g6 6. O-O Bg7 7. Be3 d6 8. c4
Nf6 9. Nc3 O-O 10. Qd2 Nbd7 11. Rfd1 Ne5 12. Be2 Qc7 13. Rac1 Neg4 14. Bg5 d5
15. e5 Qxe5 16. Nf3 Qb8 17. h3 h6 18. Bf4 e5 19. Bg3 Ne4 20. Nxe4 dxe4 21. hxg4
exf3 22. Bxf3 Be6 23. g5 h5 24. Qd6 Re8 25. b3 a5 26. c5 Qa7 27. Qc7 Rab8 28.
Qb6 Qa8 29. Rd6 a4 30. Rcd1 axb3 31. axb3 Kh7 32. Bd5 Bxd5 33. R6xd5 Re7 34.
Rd7 Rbe8 35. Qc7 Bf8 36. Rxe7 Rxe7 37. Qd8 Qxd8 38. Rxd8 Bg7 39. b4 f6 40. gxf6
Bxf6 41. f3 g5 42. b5 Kg6 43. Kf1 h4 44. Bh2 Kf5 45. Rd5 g4 46. fxg4+ Kxg4 47.
Ke2 Kf5 48. Kf3 Rg7 49. b6 Rg8 50. Rd7 e4+ 51. Kf2 Ra8 52. c6 Ra2+ 53. Kf1 e3
54. Rf7 Rf2+ 55. Ke1 Kg4 56. Rxf6 Rxf6 57. cxb7 Rxb6 58. b8=Q Rxb8 59. Bxb8 h3
1/2-1/2

[Event "Superliga 2011 M"]
[Site "Brasov"]
[Date "2011.10.15"]
[Round "8.1"]
[White "Volokitin, Andrei"]
[Black "Svetushkin, Dmitry"]
[Result "1/2-1/2"]
[WhiteElo "2686"]
[BlackElo "2594"]
[Annotator "Robot 4"]
[PlyCount "31"]
[EventDate "2011.10.08"]
[TimeControl "40/5400+30:1800+30"]

1. e4 e5 2. Nf3 Nc6 3. Bb5 a6 4. Ba4 Nf6 5. O-O Be7 6. Re1 b5 7. Bb3 d6 8. c3
O-O 9. h3 Bb7 10. d4 Nd7 11. Nbd2 exd4 12. cxd4 Bf6 13. Nf1 Na5 14. Bc2 Re8 15.
N1h2 c5 16. d5 1/2-1/2